000 00773nam a22002177a 4500
003 UA-OsUOA
001 113650
007 ta
008 20150922b un ||||| |||| 00| 0 ukr d
100 _aСтолярчук Н.М.
090 _a657
_bС81
942 _cSA
040 _aUA-OsUOA
_bukr
_cUA-OsUOA
_dUA-OsUOA
245 _aВплив соціально-економічних інститутів на розвиток обліку та внутрішнього аудиту інноваційної діяльності
300 _aС.60-68
955 _a0
041 _aukr
080 _a657
773 0 _w113648
_tЕкономіка АПК
_dК.
_d2015
_g9
650 7 _a657 Бухгалтерія. Бухгалтерський облік. Рахівництво
_2UDC
999 _c399694
_d399694